Estadios equipos Primera Federación 25/26 (1ª RFEF) - Estadísticas

Estadísticas generales
  • Esta prueba ha sido intentada 33 veces
  • La puntuación promedio es 17 de 40
Estadísticas de respuestas
Grupo Club Estadio % Correcto
2 F.C. Cartagena Cartagonova
85%
1 S.D. Ponferradina El Toralín
81%
2 Hércules de Alicante C.F. José Rico Pérez
81%
1 Bilbao Athletic Lezama
81%
1 Racing Club Ferrol A Malata
77%
1 C.D. Lugo Anxo Carro
73%
2 Real Murcia C.F. Enrique Roca
73%
1 C.D. Tenerife Heliodoro Rodríguez López
69%
2 Gimnàstic de Tarragona Nou Estadi Costa Daurada
65%
2 C.D. Eldense Nuevo Pepico Amat
62%
2 C.E. Sabadell F.C. Nova Creu Alta
58%
1 Real Madrid Castilla Alfredo Di Stéfano
54%
1 A.D. Mérida Romano José Fouto
54%
2 A.D. Alcorcón Santo Domingo
54%
1 Barakaldo C.F. Lasesarre
50%
1 Osasuna Promesas Tajonar
50%
1 Ourense C.F. O Couto
46%
1 Pontevedra C.F. Pasarón
46%
1 Unionistas de Salamanca C.F. Reina Sofía
46%
2 C.E. Europa Nou Sardenya
42%
2 U.D. Ibiza Palladium Can Misses
42%
1 Zamora C.F. Ruta de la Plata
42%
1 C.D. Guadalajara Pedro Escartín
35%
1 C.P. Cacereño Príncipe Felipe
35%
1 C.F. Talavera de la Reina El Prado
31%
2 Betis Deportivo Balompié Luis del Sol
31%
2 Sevilla Atlético Jesús Navas
27%
2 C.D. Teruel Pinilla
27%
1 Real Avilés Industrial C.F. Román Suárez Puerta
23%
2 Antequera C.F. El Maulí
19%
2 Atlético Sanluqueño C.F. El Palmar
19%
1 Arenas Club de Getxo Gobela
19%
2 Algeciras C.F. Nuevo Mirador
19%
1 C.D. Arenteiro Espiñedo
15%
1 Celta Fortuna Barreiro
12%
2 S.D. Tarazona Municipal de Tarazona
12%
2 Atlético Madrileño Centro Deportivo Alcalá de Henares
8%
2 Juventud de Torremolinos C.F. El Pozuelo
8%
2 Villarreal C.F. "B" José Manuel Llaneza
8%
2 Marbella F.C. Antonio Lorenzo Cuevas
4%
No se encontraron pruebas coincidentes
Distribución de puntuación
Porcentaje de gente con cada puntuación
Porcentaje por número respondido
Historial de tus puntuaciones
No has intentado esta prueba.